01558nam a2200205Ia 450000500170000000800410001704000440005804100080010208200120011010000800012224500900020226000690029230000820036150006280044350501760107150600210124765100230126865100340129165100270132520180608142804.0130821s18351837sp fr 1 spa  aCo-BoUCMbspacSandra YazodSandra Yazo0 aspa04a9462201 aToreno, José María Queipo de Llano Ruiz de Saraviacconde ded1786-184310aHistoria del levantamiento, guerra y revolución de Españacpor el conde de Toreno aMadrid (España)bImprenta de Don Tomás Jordánc1835 - 1837 a4 volúmenes (410, 125 ; 498, 55 ; 416, 18 ; 556, 74 páginas)c22 x 15 cm. aDetalles físicos: Encuadernación rígida en cartón duro forrado en cuero. Lomo con tejuelo de piel rojo, adornos en dorado. Tapas con raspaduras y deterioro en lomos, deterioros por cinta pegante. Guardas en papel de agua. Portada impresa en una sola tinta, con diversos tipos de letra (incluso góticos). Texto impreso en una sola columna estrecha. Márgenes amplios. Apostillas marginales. Sumarios al inicio de cada capítulo. Índice General al final del último tomo. Piel de lomo con rasgaduras. Deterioro por cintas pegantes. En portadas anotaciones manuscritas de pertenencia, V.2 anotacion con cuentas  2aHistoria de la guerra de España contra Napoleón: V.1: Libros I al IV ; V.2: Libros V al IX ; V.3: Libros IX al XIII ; V. 4: Libro XIV al XVIII ; V.5: Libro XIX al XXIV aConsulta en sala04aEspañaxHistoria04aEspañaxHistoriay1808-181404aEspañaxRevoluciones